000 00307nam a22001337a 4500
008 170519b xxu||||| |||| 00| 0 eng d
020 _a9780312153519
041 _aeng
080 _24TH
_a94(7/8)
100 _a16
101 _aSHH
245 _aRACE, CLASS AND GENDER
_cROTHENBERG, P.S
942 _2udc
_cBK
999 _c13589
_d13589